000 00760npc a2200229Ia 4500
001 dp4/9-40535
003 IT-MiCISF
005 20250905122729.0
008 161014s9999||||xx | und||
040 _aIT-MiCISF
_cIT-MiCISF
041 _ait
100 _aBelletti Francesco, Bonetti Renzo
_962570
245 0 _aFamiglia, diventa ciò che sei! La comunità parrocchiale si rinnova con la famiglia.
_bAtti convegno pastorale diocesano, 7-9 settembre 2004
250 _a1a ed.
260 _aReggio Calabria-Bova,
_bArcidiocesi di Reggio Calabria-Bova,
_c2004
300 _app. 121
500 _a / famiglia, valori, chiesa-locale, ministero-coniugale /
650 _apastorale-familiare
654 _aatti
942 _cDD
_2ddc
999 _c206686
_d206686
999 _bsi